| 000 | 00535nam a22001577a 4500 | ||
|---|---|---|---|
| 005 | 2012021408108.0 | ||
| 020 |
_a8172731434 _c500.00 |
||
| 035 | _aB-120877 | ||
| 037 |
_aDPL _bENG |
||
| 100 |
_aMishra, R C _91269 |
||
| 245 |
_aInformation warfare and cyber security / _cby R C Mishra |
||
| 260 |
_aDelhi _bAuthorpress _c2003 |
||
| 300 |
_av, 218p. _c18 cms. |
||
| 942 |
_2ddc _cEN _h005.8 _mMIS |
||
| 999 |
_c62762 _d62762 |
||